000 00385nam a2200145 i 4500
001 146384
003 ES-MaACL
005 20230906201520.0
007 t|
008 070907s1959 sp ||||1| spa d
245 0 3 _aEl tribunal de las aguas de Valencia
_b: un milenio.
260 _a[s.l.] :
_b[s.n.],
_c1959.
300 _a46 p. ;
_c27 cm.
852 _aES-MaACL
_j2026-F-23
_bR.45722
999 _c146384
_d146384